Province che confinano con la Provincia di Bergamo - Statistics

Statistiche generali
  • Questo quiz è stato fatto 59 volte
  • Il punteggio medio è 5 su 6
Statistiche sulle risposte
Regione Provincia % Corretto
Lombardia Città metropolitana di Milano
100%
Lombardia Provincia di Brescia
100%
Lombardia Provincia di Sondrio
95%
Lombardia Provincia di Cremona
93%
Lombardia Provincia di Lecco
93%
Lombardia Provincia di Monza e Brianza
66%
Nessun quiz corrispondente trovato
Distribuzione punteggi
Percentuale di utenti per punteggio
Percentile per numero di risposta
I tuoi punteggi nel tempo
Non hai fatto questo quiz